Essentials of LTE and LTE-A / (Record no. 17111)
[ view plain ]
| 000 -LEADER | |
|---|---|
| fixed length control field | 01733cam a22002654a 4500 |
| 001 - CONTROL NUMBER | |
| control field | 16690604 |
| 005 - DATE AND TIME OF LATEST TRANSACTION | |
| control field | 20121126144436.0 |
| 008 - FIXED-LENGTH DATA ELEMENTS--GENERAL INFORMATION | |
| fixed length control field | 110314s2011 enka b 000 0 eng |
| 016 7# - NATIONAL BIBLIOGRAPHIC AGENCY CONTROL NUMBER | |
| Record control number | 015780789 |
| Source | Uk |
| 020 ## - INTERNATIONAL STANDARD BOOK NUMBER | |
| International Standard Book Number | 0521768705 |
| 020 ## - INTERNATIONAL STANDARD BOOK NUMBER | |
| International Standard Book Number | 9780521768702 (hardback) |
| 082 00 - DEWEY DECIMAL CLASSIFICATION NUMBER | |
| Classification number | 621.382 |
| Edition number | 22 |
| Item number | GHO |
| 100 1# - MAIN ENTRY--PERSONAL NAME | |
| Personal name | Ghosh, Amitabha, |
| Dates associated with a name | 1958- |
| 9 (RLIN) | 31481 |
| 245 10 - TITLE STATEMENT | |
| Title | Essentials of LTE and LTE-A / |
| Statement of responsibility, etc | Amitabha Ghosh and Rapeepat Ratasuk. |
| 260 ## - PUBLICATION, DISTRIBUTION, ETC. (IMPRINT) | |
| Place of publication, distribution, etc | Cambridge UK ; |
| -- | New York : |
| Name of publisher, distributor, etc | Cambridge University Press, |
| Date of publication, distribution, etc | 2011. |
| 300 ## - PHYSICAL DESCRIPTION | |
| Extent | xiii, 249 p. : |
| Other physical details | ill. ; |
| Dimensions | 24 cm. |
| 490 1# - Series Statement | |
| Series statement | The Cambridge wireless essentials series |
| 504 ## - BIBLIOGRAPHY, ETC. NOTE | |
| Bibliography, etc | Includes bibliographical references. |
| 505 8# - FORMATTED CONTENTS NOTE | |
| Formatted contents note | Machine generated contents note: 1. Genesis of wireless broadband technology (from 2G to 4.5G); 2. LTE overview; 3. Downlink transmission and system performance; 4. Uplink transition and system performance; 5. MIMO; 6. LTE-advanced; 7. Comparison of broadband technologies; 8. Appendix. |
| 520 ## - SUMMARY, ETC. | |
| Summary, etc | "This practical, one-stop guide will quickly bring you up-to-speed on LTE and LTE-Advanced. With everything you need to know about the theory and technology behind the standards, this is a must-have for engineers and managers in the wireless industry. First book of its kind describing technologies and system performance of LTE-A. Covers the evolution of digital wireless technology, basics of LTE and LTE-A, design of downlink and uplink channels, multi-antenna techniques and heterogeneous networks. Analyzes performance benefits over competing technologies, including WiMAX and 802.16m"-- |
| 650 #0 - SUBJECT ADDED ENTRY--TOPICAL TERM | |
| Topical term or geographic name as entry element | Long-Term Evolution (Telecommunications) |
| 9 (RLIN) | 31482 |
| 653 ## - INDEX TERM--UNCONTROLLED | |
| Resource For college | |
| Arrived date list | November2012 |
| 700 1# - ADDED ENTRY--PERSONAL NAME | |
| Personal name | Ratasuk, Rapeepat. |
| 9 (RLIN) | 31483 |
| 942 ## - ADDED ENTRY ELEMENTS (KOHA) | |
| Source of classification or shelving scheme | Dewey Decimal Classification |
| Item type | Book - Borrowing |
| Withdrawn status | Item status | Source of classification or shelving scheme | Damaged status | Not for loan | Vendor | Home library | Current library | Shelving location | Date acquired | Source of acquisition | Cost, normal purchase price | Serial Enumeration / chronology | Total Checkouts | Full call number | Barcode | Date last seen | Koha item type |
|---|---|---|---|---|---|---|---|---|---|---|---|---|---|---|---|---|---|
| Dewey Decimal Classification | Baccah | Central Library | Central Library | First floor | 26/11/2012 | 390.00 | 16429 | 621.382 GHO | 000027840 | 15/07/2025 | Book - Borrowing |